[Event "EU-Cup 31st"]
[Site "Skopje"]
[Date "2015.10.21"]
[Round "4.4"]
[White "Li, Chao B"]
[Black "Matlakov, Maxim"]
[Result "1-0"]
[WhiteElo "2750"]
[BlackElo "2689"]
[Annotator "Sagar Shah"]
[PlyCount "77"]
[EventDate "2015.10.18"]
[EventType "team-swiss"]
[EventRounds "7"]
[EventCountry "MKD"]
[SourceTitle "CBM 169"]
[Source "ChessBase"]
[SourceDate "2015.11.10"]
[SourceVersion "1"]
[SourceVersionDate "2015.11.10"]
[SourceQuality "1"]
[WhiteTeam "Siberia"]
[BlackTeam "Mednyi Vsadnik"]
[WhiteTeamCountry "RUS"]
[BlackTeamCountry "RUS"]

1. d4 Nf6 2. c4 e6 3. Nc3 Bb4 4. Nf3 d5 $5 {This is not the move order through
which we normally reach the Ragozin, because Nimzo-Indian players like to play
the Nimzo when their opponents play 3.Nc3. Here Maxim chooses to go for the
Ragozin rather than guess whether his opponent wanted to play the 5.e3 system
or the 5.g3 one in the Nimzo-Indian.} 5. Bg5 h6 (5... Nbd7 6. cxd5 exd5 7. e3
c5 {is the Westphalia variation in the Ragozin.}) 6. Bxf6 (6. Bh4 {The reason
why this move hasn't been played much recently is} dxc4 (6... g5 7. Bg3 Ne4 {
is also a possible way to play.}) 7. e3 b5 {When Black's results have been
encouraging.}) 6... Qxf6 7. e3 O-O 8. Rc1 dxc4 (8... c6 9. Bd3 Nd7 10. O-O dxc4
11. Bxc4 e5 12. Ne4 $14 {Playing in Classical Queen's Gambit style has not
worked well for Black whose bishop on b4 is quite misplaced.}) 9. Bxc4 c5 {
For quite some time now this has been considered as a reliable way to level
the game.} 10. O-O cxd4 11. Ne4 (11. Nxd4 Bd7 12. Qb3 Nc6 13. Nxc6 Bxc3 14.
Rxc3 Bxc6 15. Bb5 Bd5 16. Bc4 Bc6 17. Bb5 Bd5 $11 {is one of the variations
played when both the players come to the board with peaceful intentions. This
happened in Ivanchuk -Carlsen, Tata Steel 2015.}) (11. exd4 Rd8 {followed by
Nc6 gives Black no real problems in the opening.}) 11... Qe7 {This is the main
move. Apart from this Qg6 and Qf5 are worthy of attention.} (11... Qf5 12. Ng3
Qa5 13. exd4 Nc6 14. Qe2 Bd7 15. a3 Bd6 16. Ne4 Bf4 17. Rc3 $14 {was played in
Aronian against Carlsen where White got a good tangible edge, 1/2-1/2 (56)
Aronian,L (2815)-Carlsen,M (2881) Dubai 2014.}) (11... Qg6 {This has not been
played much. It might not be such a bad move.} 12. Qxd4 (12. Bd3 f5 13. Ng3 Nc6
14. exd4 {with an interesting position.}) 12... Nc6 13. Ne5 Nxe5 14. Qxe5 Bd7
15. Bd3 $1 Bc6 16. Rxc6 bxc6 17. Nc5 {[%cal Ge5e4,Ge4b4,Ge4h7]} f5 18. Nxe6 Rf6
19. Bc4 $36) 12. a3 $5 {Earlier everyone used to take on d4 with the pawn or
the knight. But Dubov introduced this move against Vishy Anand at the World
Rapids in Berlin and scored a fine victory. Since then it has been tried in a
few games and looks like an interesting way for White to gain a fresh position
rather than those same old lines which seem to be just equal. The main idea is
to dislodge the bishop from the f8 to b4 diagonal. In this way after Qxd4 Nc6
both the squares c5 and d6 will be available to the white queen.} Ba5 (12...
Bd6 13. Nxd6 Qxd6 14. Qxd4 Qxd4 15. Nxd4 $14 {is a clear cut advantage for
White.}) 13. Qxd4 Nc6 (13... Rd8 {was played by Anand against Dubov.} 14. Qe5
Nc6 15. Qh5 Bd7 (15... Bc7 16. g4 $1) 16. g4 $1 {1-0 (42) Dubov,D (2661)-Anand,
V (2803) Berlin 2015, gave White quite a strong attack.}) (13... Bb6 {was
Gajewski's choice against Fressinet.} 14. Qd6 Nc6 15. Rfd1 Rd8 16. Qxe7 Nxe7 {
by transposition leads to the main game.} 17. Nd6 $6 {0-1 (48) Fressinet,L 
(2702)-Gajewski,G (2654) Berlin 2015, Fressinet's choice of parking the knight
on this advanced outpost was not so good and Black could have equalised with
Bc5. Instead Li Chao played better as we shall see.}) 14. Qc5 (14. Qd6 {
was equally good and would have most probably transposed.}) 14... Bb6 15. Qxe7
Nxe7 16. Rfd1 $14 {It goes without saying that White is better here. All his
pieces are in the game and excellently posted. Apart from his development
there is nothing inherently wrong with the black position but it's just quite
difficult to develop the light-squared bishop and get the a8 rook in the game.
With his next move Black tries to solve these problems.} Rd8 17. Rxd8+ Bxd8 18.
Nd6 (18. Be2 $1 {doesn't show his cards just yet. It's not easy for Black to
unravel here.} Bd7 (18... Nc6 19. Bb5 Be7 20. Bxc6 bxc6 21. Ne5 $16 {with a
clear positional edge.}) 19. Nd6 Bc6 20. Ne5 $1 $16 {[%cal Ge5f7,Ge5c6]}) 18...
Nf5 19. Nxf5 (19. Nxc8 Rxc8 $11) 19... exf5 20. Nd4 (20. Ne5 $5 Be6 21. Bxe6
fxe6 22. f4 $5 {This is a nice prophylactic move. The idea being that by
protecting the knight on e5, Bf6 can be directly met with Rc7.} (22. Rd1 Bf6
$15) 22... Bf6 (22... Bb6 23. Kf2 Rd8 {Black has got all his pieces into the
game but after} 24. Ke2 $14 {White should be better as he will slowly start
advancing his queenside pawns. The N on e5 is stronger than the bishop.}) 23.
Rc7 b5 24. Kf2 Rd8 $11 {This is the right way to equalise for Black.}) 20...
Bd7 {It seems like Black will slowly unravel here, but White still has this
slight edge in development which forces Black to be accurate.} 21. Bd5 Rb8 (
21... Rc8 22. Rxc8 Bxc8 23. Nb5 $1 {[%cal Gb5a7]} Bd7 24. Nd6 $14 {[%cal Gd6f7,
Gd6b7]} (24. Nxa7 $2 Bb6 $19)) 22. b4 a5 {This is a pretty ambitious move.
Black wants to start getting his bishops into the game.} 23. b5 Rc8 (23... Bb6
24. a4 f4 $1 $11) 24. Rd1 (24. Rxc8 Bxc8 {should most probably end in a draw.})
24... Rc7 25. Bf3 (25. b6 Rc3 26. Bxb7 Bxb6 $17 {gives Black a clear cut
advantage.}) 25... Bf6 26. b6 {White had to do something against the threat of
Bxd4 followed by Bxb5.} Rc3 27. Rb1 {White goes for this ambitious
continuation and quite justifiably. The b7-pawn cannot be defended easily and
once it falls the b6-pawn is just two steps away from queening.} (27. Bxb7 Bxd4
28. exd4 Rb3 $11) 27... f4 $1 (27... Rxa3 $2 28. Bxb7 $18 {is just lost for
Black.}) (27... Bxd4 $1 28. exd4 Bc8 $1 $11 {At first sight this looks passive
but what can White do? Black is slowly going to bring his king into the game
with Kf8-e7-d6. Meanwhile it is difficult for White to come up with something.
This could have been an adequate defence but it's difficult for humans to play
in this fashion because we value activity more than passivity.}) 28. Bxb7 fxe3
$2 {The main reason why this move is bad is because the back rank threats are
gone after fxe3.} (28... Bxd4 {A very logical question to ask here is what
happens to Bxd4 exd4 Bf5. The rook cannot stay on the b-file because of the
back rank weakness and once it moves from b1 then the black rook moves to b3
and collects the b6 pawn.} 29. exd4 Bf5 30. Re1 Rb3 $11 {This was a very
simple defence which would have ensured a draw for Matlakov. Instead he goes
for something else and White is much better after that.}) 29. fxe3 Rxe3 (29...
Bxd4 30. exd4 Bf5 {No longer makes any sense because} 31. Rb5 {and there is no
back rank mate.}) 30. Nf3 $1 Bf5 31. Rb5 {This position is extremely difficult
for Black to defend. The knight on f3 does a brilliant job of defending its
king and the bishop and rook are working to ensure that the b6-pawn causes
some serious damage.} Bd3 (31... Bd7 32. Rd5 (32. Rxa5 $2 Bd8 $1 $17) 32... Be8
33. Ba8 Rb3 34. b7 $16) 32. Rxa5 (32. Bc6 $5 {looks flashy but doesn't win
because of} Rxf3 $1 {Threatening a mate on f1.} (32... Bxb5 33. b7 Bxc6 34.
b8=Q+ Be8 $11 {White cannot really win this.}) 33. gxf3 Bxb5 34. b7 Be5 35.
Bxb5 $11) 32... Bd8 33. Ra8 $1 Re8 34. Kh1 $1 {To make such moves you require
excellent calculation and confidence. Li Chao knows that his king will not be
mated on the back rank. Meanwhile the threat now is to just play Bc6 and b7.}
Bb5 35. a4 $1 Bxa4 (35... Bd7 36. a5 $18 {[%csl Ga5,Gb6]}) 36. Rxa4 Bxb6 37. h4
{This requires some technical effort but there is absolutely no doubt that
White will slowly but surely win this.} g6 38. Bd5 Re7 $6 {Brings the game to
a quick end.} 39. Ra6 $1 {The g6-pawn falls. This new idea of playing a3 in
the opening will be tested in many more games I think. Black's task of
equalising is not easy. In this game Li Chao went wrong with Nd6. Matlakov was
able to equalise but then went horribly wrong when a draw was just a move away.
} 1-0

[Event "Biel GM 48th"]
[Site "Biel"]
[Date "2015.07.28"]
[Round "8"]
[White "Eljanov, Pavel"]
[Black "Wojtaszek, Radoslaw"]
[Result "1/2-1/2"]
[WhiteElo "2723"]
[BlackElo "2733"]
[Annotator "Sagar Shah"]
[PlyCount "202"]
[EventDate "2015.07.20"]
[EventType "tourn"]
[EventRounds "10"]
[EventCountry "SUI"]
[EventCategory "19"]
[SourceTitle "CBM 168"]
[Source "ChessBase"]
[SourceDate "2015.09.14"]
[SourceVersion "1"]
[SourceVersionDate "2015.09.14"]
[SourceQuality "1"]

1. d4 Nf6 2. c4 e6 3. Nf3 d5 4. Nc3 Bb4 {The Ragosin has become one of the
most frequently played openings at the highest level recently, and players
like Aronian, Carlsen, Anand and many others have been employing it with Black.
} 5. Bg5 h6 6. Bxf6 {We go into one of the solid and positional lines in this
opening. Needless to say that at every move there were lots of deviations and
possibilities for both sides.} Qxf6 7. Qa4+ Nc6 8. e3 O-O 9. Be2 Bd7 (9... dxc4
{For a person who is not so well versed in the theoretical evaluations of this
opening, this way of taking on c4 followed by e5 looks the most natural.} 10.
O-O $1 {and this is the reason why White can hope for a small edge. ...e5 can
be met with Nd5.} (10. Bxc4 e5 11. O-O $5 {[%cal Gc3d5]} (11. d5 $6 Bxc3+ 12.
bxc3 e4 $15) (11. Nxe5 $6 Bxc3+ 12. bxc3 Nxe5 13. dxe5 Qxe5 $15) 11... exd4 12.
Nd5 Qd6 13. Nxb4 Qxb4 14. Qxb4 Nxb4 15. Nxd4 c5 16. Nf3 Be6 $11 {is quite
close to equality.}) 10... Bd7 (10... e5 11. Nd5 $16 {The knight on c3 is no
longer pinned.}) 11. Bxc4 $14 {White has performed well from this position.})
10. Qb3 (10. O-O $2 Bxc3 11. bxc3 Nxd4 $17) 10... dxc4 11. Qxc4 (11. Bxc4 Bd6 {
followed by e5 gives Black a fine position. One should not forget that ...Na5
is a threat.}) 11... Qe7 (11... e5 $6 12. d5 $1 Bxc3+ 13. Qxc3 Ne7 14. Qxc7 $16
) (11... Bd6 $5 12. O-O Qg6 13. Rfd1 Na5 14. Qd3 Qxd3 15. Bxd3 Rfd8 {Black
should equalise although with the plan of Ne4-c5 it is slightly easier to play
as White.}) (11... Qg6 $5 12. O-O Bd6 {transposes to the 11...Bd6 variation.})
12. a3 (12. O-O {looks more natural but Black goes} Na5 $1 13. Qxc7 (13. Qd3)
13... Rac8 14. Qe5 Bxc3 15. bxc3 Qa3 $11 {1/2-1/2 (52) Vachier Lagrave,M (2758)
-Wojtaszek,R (2724) Saint Quentin 2014}) 12... Bd6 13. Nd2 $5 $146 {Eljanov's
novelty.} (13. O-O $6 e5 $1 14. d5 Na5 15. Qa2 e4 16. Nd2 f5 $1 17. b4 $6 Qe5
$15) (13. Ne4 {had been played in prior games but after} a5 14. O-O a4 15. Nxd6
cxd6 $11 {Black had already equalized in Fressinet,L (2708)-Cornette,M (2533)
Nimes 2014.}) 13... Nb8 (13... e5 14. d5 Nb8 (14... Na5 15. Qa2 {[%cal Gb2b4]
The threat of b4 is not so easy to meet.} c5 16. O-O $14) 15. O-O $14) (13...
f5 $5 {controlling e4 can be a good innovation.} 14. O-O a6 {[%cal Gb7b5]}) 14.
Bf3 (14. b4 $6 e5 $1 $11) 14... Bc6 (14... c6 15. Qb3 $14 {[%cal Gd2c4]}) 15.
Bxc6 Nxc6 16. O-O (16. f4 $5 {stopping e5 could be an interesting idea.} Qh4+
17. g3 Qh3 18. Qf1 Qf5 (18... Qxf1+ 19. Kxf1 $14 {is a comfortable endgame for
White}) 19. Rc1 $14 {followed by Qf3 and 0-0.}) 16... Qd7 (16... e5 17. d5 $14
{The knight has to just retreat and White has a clear edge.}) 17. Qb3 (17. f4
$14) 17... Rab8 (17... e5 18. d5 Ne7 19. Qxb7 Rfb8 20. Qa6 Rxb2 21. Nc4 $14)
18. Rac1 Ne7 19. Nce4 c6 20. Nxd6 (20. Nc4 Bc7 21. f4 $14 {with some excellent
dark square control. This idea with f4 looked pretty tempting for me but
Eljanov liked his structure as it was and didn't want to create any weakness.})
20... Qxd6 {White's advantage is made up of a nice central pawn structure,
more space and well placed pieces as well as squares like c5 and e5 for the
knight. It is pretty irritating to defend for Black as he really has no active
plans.} 21. Qa4 $1 {Forcing a6 and weakening more dark squares.} (21. Ne4 Qd5)
21... a6 22. Nc4 Qc7 23. b4 Nd5 (23... b5 $6 24. Qa5 $1 $16) 24. Qb3 Nb6 25.
Na5 {Of course it makes sense to avoid the knight exchange. The knight is
excellently placed on a5, putting pressure on the b7-pawn.} Rfd8 26. Rfd1 {
Prophylaxis against e5.} (26. Rc2 e5 $1 $11) 26... Qe7 (26... e5 $2 27. d5 $1
Rxd5 28. Rxd5 Nxd5 29. Qxd5 $18) 27. Qc2 Rd5 (27... e5 $2 28. dxe5 Rxd1+ (28...
Qxe5 29. Nxb7 $1 $18) 29. Rxd1 Qxe5 30. Nxb7 $1 Rxb7 31. Rd8+ $18) (27... Kh8 {
Just to show you what White's idea really is.} 28. Qc5 Qxc5 $2 (28... Qc7 $14 {
is the best.}) 29. bxc5 Nd5 30. Rc2 $16 {[%cal Gd1b1] The b7-pawn is too weak.}
) 28. e4 {White must have made this move reluctantly as it compromises the
compact structure to some extent. Also the d4-pawn becomes a little weak. But
getting in Qc5 was essential and hence this move is not at all bad.} Rd7 $1 {
Defending the queen and getting ready to meet Qc5 with ...Na4.} (28... Rdd8 29.
Qc5 Qc7 30. d5 $16) 29. Qc5 Na4 (29... Qxc5 30. bxc5) 30. Qxe7 Rxe7 31. f3 $1 {
[%cal Gg1f2,Gf2e3] I really like this move very much. Eljanov realises that d4
is now the only point that Black can attack and he gets his king to the
perfect square on e3. Strong players always remember that the king is also a
piece!} (31. d5 cxd5 32. exd5 exd5 33. Rxd5 Nc3) 31... Rd7 32. Kf2 Rbd8 33. Ke3
h5 (33... e5 34. d5 Nb6 {is met by a pretty tactic.} (34... cxd5 35. Rxd5 (35.
exd5 Nb6 36. d6 Nc8 $15) 35... Rxd5 36. exd5 Rxd5 37. Nxb7 $16) 35. Nxb7 $1 (
35. d6 Nc8 $15) 35... Rxb7 36. dxc6 $1 Rxd1 (36... Rbb8 37. c7 $18) 37. cxb7
Rd8 38. Rc6 Nd7 39. Rd6 $18) 34. Rc2 (34. h4 {is the normal way to cramp down
the opponent's pawns in such positions.}) 34... f6 {From this point onwards
both the players keep shuffling their pieces. White waits for the perfect
moment to break on the kingside.} 35. Rdd2 Kf7 36. h4 Nb6 37. Nb3 Re7 38. Rc1
Ra8 39. Rc5 Rh8 40. Rc3 Ra8 41. Nc5 Nc8 (41... a5 $6 {is a little bit suicidal
as you are helping White to open up the position- something that he is on the
lookout for.} 42. Rb2 $1 $16 (42. bxa5 Rxa5 $13)) 42. Nb3 Nb6 43. Rdd3 Na4 44.
Rc1 Nb6 45. Rc5 Rh8 46. Rd1 Na4 47. Rc2 Nb6 48. Nc5 Ra8 49. a4 {Finally some
progress on the queenside.} Nc8 50. Nb3 Nb6 51. a5 Nc8 52. Rc5 g6 53. g4 {
Because the a8 rook is temporarily shut down due to the c8 knight this move is
quite strong.} hxg4 54. fxg4 Nd6 55. e5 fxe5 (55... Ne8 {seems better but
looks pretty passive and very difficult for humans to play.} 56. Rf1 f5 $14)
56. dxe5 Nb5 57. Kf4 $1 {Another beautiful activation of the king. The first
one was Kg1-f2-e3 and now Ke3-f4-g5. On g5 the king would be excellently
placed and create some dangerous threats around his opponent's monarch.} ({
Another way was} 57. Rc4 Rh8 58. Kf4 Rxh4 59. Kg5 Rh3 60. Rf1+ Kg7 61. Nc5 Re3
62. Re4 Rxe4 63. Nxe4 $16 {with Nc5 and Rf6 coming up, White is completely
dominating in spite of being a pawn down.}) 57... Kg7 58. Kg5 Rf8 59. Rcc1 (59.
Rc4 Rf3 60. Nc5 Re3 61. Re4 $18 {was the crucial variation that had to be seen.
Once the counterplay based on the e5-pawn is stopped, sooner or later the
white rooks will infiltrate the black camp.}) 59... Rf3 60. Nd2 $6 (60. Nc5 Re3
61. Re1 $18 {Of course the knight looks much better on c5 than on c4 as in the
game.}) 60... Re3 61. Nc4 Rb3 62. Rb1 Rc3 63. Nd6 c5 (63... Nxd6 64. exd6 Rd7 {
is also a tough nut to crack for White.}) 64. Rf1 (64. Rdc1 $1 cxb4 65. Rxc3
bxc3 (65... Nxc3 66. Rxb4 $18) 66. Rc1 $1 {A difficult move to see.} (66. Nxb5
$6 axb5 67. Rxb5 Rc7 $36) 66... Rc7 $2 (66... Rd7 67. Nxb5 axb5 68. Rxc3 $18)
67. Ne8+) 64... Nd4 (64... cxb4 65. Nxb5 (65. Rxb4 $6 Nxd6 66. exd6 Rc5+ $11)
65... axb5 66. Rxb4 $16 {is a clear cut advantage for White.}) 65. bxc5 Rxc5
66. Rbe1 (66. Rxb7 Rxb7 67. Nxb7 Rxe5+ 68. Kf4 Rb5 $11) (66. Ne8+ $1 {How's
this for a tactical shot!} Kg8 (66... Rxe8 67. Rxb7+ Kg8 68. Rff7 Rxe5+ 69.
Kxg6 $18 {and it's mate pretty soon.}) (66... Kh7 67. Rf8 Nc6 68. Kf6 $18) 67.
Kh6 $1 Rxe8 68. Rxb7 $18 {[%cal Gf1f7]}) 66... Nc6 67. h5 gxh5 (67... Nxe5 68.
h6+ Kh7 69. Rxe5 Rxe5+ 70. Kf6 $18 {[%csl Re5,Re7,Gf6] is a picturesque
position.}) 68. gxh5 Nxe5 69. h6+ Kh7 70. Kf6 (70. Rxe5 {no longer works to
perfection due to} Rxe5+ 71. Kf6 Rxa5 72. Kxe7 Kxh6 $11 {and the game ends in
a draw.}) 70... Nc6 71. Rc1 (71. Rg1 $5 {was a very interesting try. Black has
only one way to maintain the balance here.} Rh5 $1 (71... Kxh6 $2 72. Rg6+ $18)
(71... Rd5 72. Rg7+ $1 (72. Rxe6 $2 Rxe6+ 73. Kxe6 Rxa5 $11) 72... Rxg7 73.
hxg7 Rh5 74. Kf7 Ne7 75. Kxe7 Rxa5 76. Kf7 $18) 72. Rg7+ Rxg7 73. hxg7 Kg8 $11
{It looks scary for Black but he is clinging on.}) 71... Rxa5 72. Rg1 (72. Rxc6
bxc6 73. Kxe7 Kxh6 74. Kf6 Kh5 $11) 72... Rh5 (72... Rc7 73. Rg7+ Rxg7 74. hxg7
Rh5 75. Kf7 Ne5+ 76. Kf8 Ng6+ $11) 73. Rxc6 Rd7 $1 {Black avoids the final
trap.} (73... bxc6 $2 {surprisingly loses to} 74. Kxe7 (74. Rg7+ $2 Rxg7 75.
hxg7 Rh1 $19) 74... Rxh6 (74... Kxh6 75. Nf7+ Kh7 76. Kf8 $18 {[%cal Gg1g7]})
75. Kf7 Rh2 76. Ne4 $18) 74. Rc8 (74. Rb6) 74... Rxh6+ 75. Ke5 Rg7 76. Rxg7+
Kxg7 {It would be safe to assume that Wojtaszek knows how to draw the rook vs
rook+knight position!} 77. Rc7+ Kg6 78. Rxb7 Rh1 79. Re7 Re1+ 80. Ne4 a5 81.
Rxe6+ Kf7 82. Ra6 a4 83. Rxa4 Ke7 84. Ra7+ Ke8 85. Kd5 Kf8 86. Rb7 Ke8 87. Nd6+
Kf8 88. Nf5 Re2 89. Kd6 Re1 90. Ng7 Rd1+ 91. Ke6 Re1+ 92. Kf6 Rf1+ 93. Nf5 Ke8
94. Ra7 Kd8 95. Ke6 Re1+ 96. Kd5 Rd1+ 97. Nd4 Ke8 98. Rh7 Kf8 99. Ke5 Re1+ 100.
Kf6 Rf1+ 101. Nf5 Ke8 {A fighting game where Eljanov was pushing throughout.
He missed a few chances to take home the full point and Wojtaszek was rewarded
for his tenacious defence. Yet I would remember this game for the excellent
use of the king as a piece in the middlegame/endgame by Eljanov.} 1/2-1/2